| 000 | 01314cam a2200337 a 4500 | ||
|---|---|---|---|
| 001 | 1252 | ||
| 005 | 20230815130942.0 | ||
| 008 | 050620s2005 nyu c 000 1 eng d | ||
| 020 | _a9780439164566 | ||
| 040 |
_aBVD _cBVD _dOCLCQ _dDLC _beng |
||
| 050 | 0 | 0 |
_aPZ7.K8369 _bIsl 2005 |
| 082 | 0 | 0 |
_a[Fic] _220 |
| 100 | 1 | _aKorman, Gordon. | |
| 245 | 1 | 0 |
_aBook one : shipwreck / _cGordon Korman _bIsland |
| 250 | _aSpecial ed. | ||
| 260 |
_aNew York : _bScholastic, _c2001 |
||
| 300 |
_a129 pages : _c20 cm. |
||
| 490 | 0 |
_aIsland _3Book one |
|
| 505 | 0 | _aO | |
| 505 | 0 | _aShipwreck -- Survival -- Escape. | |
| 520 | _aAn action-packed survival suspense from bestselling and award-winning author Gordon Korman.Six kids. One shipwreck. One desert island.They didn't want to be on the boat in the first place. They were sent there as punishment, or as a character-building experience. Now the adults are gone, and the quest for survival has begun. | ||
| 521 |
_a610
_bLexile |
||
| 521 |
_aO
_bRaz-Plus |
||
| 650 | 0 |
_aShipwrecks _vJuvenile fiction. |
|
| 650 | 0 |
_aShipwreck victims _vJuvenile fiction. |
|
| 650 | 0 |
_aShipwreck survival _vJuvenile fiction. |
|
| 650 | 1 |
_aShipwrecks _vFiction. |
|
| 650 | 1 |
_aSurvival _vFiction. |
|
| 906 |
_a7 _bcbc _ccopycat _d2 _encip _f20 _gy-gencatlg |
||
| 942 |
_2ddc _cBK _n0 |
||
| 999 |
_c1252 _d1252 |
||